LEADER 01102nam a2200229 i 4500 001 000000062391 003 CaOOAMICUS 005 20100224000000.0 008 100224s1931 it u000 u ita u 013 $a33563 040 $aSeMil$bita 100 1 $aPinard de la Boullaye, Henry,$c.$0(OLS)http://semarc/name/1365 245 10$aGesł Cristo e la storia :$bconferenze di Nostra Signora di Parigi (anno 1929) /$cP. Enrico Pinard de la Boullaye S. J ; Traduzione del P. Giovanni Actis della Medesima Compagnia. 260 $aTorino - Roma :$bMarietti 1820,$c1931. 300 $a238 p. ;$c21 cm. 600 04$aGesł Cristo.$0(OLS)http://semarc/subject/712 700 1 $aActis, Giovanni,$c.$0(OLS)http://semarc/name/31620 850 $aSeMil 852 $aSeMil$W1$xVenegono$y1$m3F V 725$j28544$B28544$CSeMilBibl$Z2$F28547 $81 961 $aOmaggio: Oggioni don Costantino 996 $6245$aGesł Cristo e la storia :$bconferenze di Nostra Signora di Parigi (anno 1929)$9(OLS)http://semarc/title/98199 996 $6260$aTorino - Roma :$bMarietti 1820$9(OLS)http://semarc/publisher/33234 LEADER 00935nam a2200229 i 4500 001 000000115466 003 CaOOAMICUS 005 20030522000000.0 008 030522s2001 it u000 u ita u 013 $a88155 040 $aSeMil$bita 245 13$aUn contemplativo in azione :$bspiritualitą e pensiero del Beato Paolo Manna. 260 $aRoma :$bPontificia Unione Missionaria,$c2001. 300 $a81 p. :$b[1] ritratto ;$c23 cm. 500 $aFondo Card. C.M. Martini. 650 4$aManna, Paolo .$0(OLS)http://semarc/subject/12569 850 $aSeMil 852 $aSeMil$W1$xVenegono$y1$m3H IV 57$j70987$B70987$CSeMilBibl$Z2$F94238 $81 941 1 $a4 961 $aOmaggio: Martini Card. Carlo Maria 996 $6245$aUn contemplativo in azione :$bspiritualitą e pensiero del Beato Paolo Manna$9(OLS)http://semarc/title/169121 996 $6260$aRoma :$bPontificia Unione Missionaria$9(OLS)http://semarc/publisher/29760 LEADER 00712naa a2200145 i 4500 001 000000293754 003 CaOOAMICUS 005 20180831172452.0 008 180831n xx u000 u und u 013 $a995 040 $aSeMil$bita 100 1 $aHäring, Bernhard,$c.$0(OLS)http://semarc/name/155 245 13$aLa dimensione terapeutica della liturgia :$bliturgia come terapia : salute e salvezza nel mondo rituale. 773 0 $aDal Pino, Franco Andrea$tLiturgia e terapia.$dPadova : Messaggero, 1994.$kCaro Salutis Cardo. Contributi$z88-250-0413-3$w()42329 996 $6245$aLa dimensione terapeutica della liturgia :$bliturgia come terapia : salute e salvezza nel mondo rituale$9(OLS)http://semarc/title/369843